|
|
|
|
| LEADER |
01441nam a2200277 u 4500 |
| 001 |
10064719 |
| 003 |
upatras |
| 005 |
20241017095334.0 |
| 008 |
071204s1982 gr f gre d |
| 040 |
|
|
|a GR-PaULI
|b gre
|c GR-PaULI
|e AACR2
|
| 041 |
0 |
|
|a gre
|
| 082 |
0 |
4 |
|a 808.899 282
|
| 100 |
1 |
|
|a Μαργώνης, Αποστόλης
|e συγγραφέας
|9 57845
|
| 245 |
1 |
0 |
|a Τι διαβάζουν τα παιδιά μας :
|b έρευνα, βιβλίο χρήσιμο για γονείς και δασκάλους /
|c Αποστόλη Μαργώνη, Δημήτρη Μητρόπουλου, Πέτρου Παπαθεοδώρου.
|
| 260 |
|
|
|a Αθήνα :
|b [χ.ό.],
|c 1982.
|
| 300 |
|
|
|a 149 σ. :
|b πίν. ;
|c 24 εκ.
|
| 504 |
|
|
|a Περιέχει βιβλιογραφικές παραπομπές.
|
| 650 |
|
4 |
|a Παιδιά
|x Βιβλία και ανάγνωση
|9 36523
|
| 650 |
|
4 |
|a Παιδικά βιβλία
|9 52688
|
| 700 |
1 |
|
|a Παπαθεοδώρου, Πέτρος
|e συγγραφέας
|9 57847
|
| 700 |
1 |
|
|9 57846
|a Μητρόπουλος, Δημήτρης,
|d 1965-
|e συγγραφέας
|
| 852 |
|
|
|a GR-PaULI
|b ΠΑΤΡΑ
|b ΠΤΔΕ
|k ΑΣΧΕ
|h 808.899 282 ΜΑΡ
|m 496
|p 025000034002
|t 1
|
| 942 |
|
|
|2 ddc
|c BK15
|
| 952 |
|
|
|0 0
|1 0
|4 0
|6 808_899000000000000_282_ΜΑΡ
|7 0
|9 63885
|a PTDE
|b PTDE
|d 2016-04-24
|i 496
|l 0
|o 808.899 282 ΜΑΡ
|p 025000034002
|r 2016-04-24 00:00:00
|t 1
|w 2016-04-24
|y BK15
|
| 998 |
|
|
|c ΤΣΕΝΕ
|d 2007-12
|
| 999 |
|
|
|c 41026
|d 41026
|